Microwave engineering (Record no. 188506)

000 -LEADER
fixed length control field 00344nam a2200121Ia 4500
008 - FIXED-LENGTH DATA ELEMENTS--GENERAL INFORMATION
fixed length control field 220217s9999||||xx |||||||||||||| ||und||
020 ## - INTERNATIONAL STANDARD BOOK NUMBER
International Standard Book Number 198094744
100 ## - MAIN ENTRY--PERSONAL NAME
Personal name Das, Sushrut
9 (RLIN) 10211
245 #0 - TITLE STATEMENT
Title Microwave engineering
260 ## - PUBLICATION, DISTRIBUTION, ETC.
Place of publication, distribution, etc. Oxford university press
Name of publisher, distributor, etc. New Delhi
Date of publication, distribution, etc. 2015
300 ## - PHYSICAL DESCRIPTION
Extent XXII, 880p.
Other physical details 595
650 ## - SUBJECT ADDED ENTRY--TOPICAL TERM
Topical term or geographic name entry element Microwave engineering
Holdings
Withdrawn status Lost status Damaged status Not for loan Collection code Home library Current library Shelving location Date acquired Barcode Date last seen Price effective from Koha item type
        Electronics and Communication Engineering Central Library Central Library Reference 02/18/2022 23695 10/27/2022 02/18/2022 Books

Powered by Koha